Cristo y la cultura

Guardat en:
Dades bibliogràfiques
Autor principal: Niebuhr, Richard (autor)
Format: Llibre
Idioma:espanyol
Publicat: Barcelona Ediciones Península 1968
Edició:1a. ed
Col·lecció:Colección Compromiso Cristiano, 21
Matèries:
Etiquetes: Afegir etiqueta
Sense etiquetes, Sigues el primer a etiquetar aquest registre!

MARC

LEADER 00000cam a2200000 a 4500
001 UCC6354
003 CL-VaPUC
008 181207e19680000sp |||||||||||||||||spa|d
082 0 4 |a 261.1  |b NIE  |2 21 
100 |a Niebuhr, Richard  |e autor  |9 600777 
245 1 0 |a Cristo y la cultura 
250 |a 1a. ed 
300 |a 262 p 
942 |c BK 
945 |d 20181207 13:37:00  |a dcastane 
260 |a Barcelona  |b Ediciones Península  |c 1968 
650 0 |a Cristología   |9 315091 
650 0 |a Cristianismo y cultura   |9 315246 
583 |a last modification  |c 20181207 13:37:00  |k Rodrigo Vera 
490 0 |a Colección Compromiso Cristiano, 21 
999 |c 373303  |d 373301 
952 |0 0  |1 0  |3 erb  |4 0  |6 261_100000000000000_NIE_1968  |7 0  |8 A  |9 491373  |a BIBTEO  |b BIBTEO  |e Precht Pizarro, Jorge Enrique  |i 5519942  |o 261.1 NIE 1968  |p 5519942  |r 2025-01-17  |w 2019-11-24  |y BK  |z Catalogado en:20181207  |k ICR